Mengenali komputer anda dan PC DIY

Bibliographic Details
Other Authors: H. Q. Yap, S. P. Lee
Format: Book
Language:Malay
Published: Skudai, Johor : SKI GLOBAL Marketing , c2004
Subjects:

MARC

LEADER 00000cam a2200000 7i4500
001 0000016985
005 20230523.0
008 060906 my may
020 |a 983415531X (pbk) 
040 |a INS 
090 0 0 |a QA76   |b .M544 2004 
245 1 0 |a Mengenali komputer anda dan PC DIY   |c editor H.Q. Yap, S. P. Lee 
260 |a Skudai, Johor :   |b SKI GLOBAL Marketing ,   |c c2004 
300 |a 1 v.(various pagings) :   |b ill. ;   |c 25 cm. 
650 0 |a Microcomputers   |x Handbook, manuals, etc. 
700 1 |a H. Q. Yap 
700 1 |a S. P. Lee 
740 0 |a Mengenali komputer anda 
999 |a 0000016922   |b BOOK   |c Open Shelf   |e Default branch